| 000 | 00360nam a2200121 4500 | ||
|---|---|---|---|
| 999 |
_c9538 _d9538 |
||
| 008 | 180706b ||||| |||| 00| 0 eng d | ||
| 100 |
_928330 _aPunay, Edu |
||
| 245 |
_aGMA cleared with finality in plunder case/ _cEdu Punay |
||
| 260 |
_aPhilippines _bThe Philippine Star _cc2017 |
||
| 300 | _apage 5. | ||
| 650 | 0 |
_928331 _aPolitical corruption. |
|
| 942 |
_2ddc _cPER |
||